000 00911nam a2200301 a 4500
001
003 OSt
005 20201007154221.0
008 140626s2014 dr a 000 0 spa d
020 _a97899993484547
040 _aDO-SdBNP
_bspa
_cDO-SdBNP
082 _a RD863.5
_bM828n
100 1 _aMorales Herrero, Tony,
_d1973-
_933984
245 1 4 _aEl niño inventor y la bruja Marleny /
_cTony Morales Herrero
250 _a2a. ed.
260 _aSanto Domingo :
_bBango,
_c2014
300 _a67 p. :
_bil. ;
_c22 cm.
490 1 _a
_v14
500 _aIncluye datos biográficos del autor en la contracubierta
586 _aPremio Nacional de Literatura Infantil, 2009
590 _aInventariado, 2020/VM
650 7 _2Cuentos infantiles dominicanos
650 7 _aLiteratura infantil dominicana
_9441
700 1 2 _e
_972381
830 0 _a
_n
_972382
942 _2ddc
_cLF1
956 _aVMateo
999 _c48841
_d48841